Estado de evolución del patrimonio neto ajustado por inflación, en el marco de la RT 54 (t.o. RT 59) (Registro nro. 10673)

Detalles MARC
000 -LEADER
fixed length control field 00395 a2200109 4500
001 - CONTROL NUMBER
control field ART_61562
005 - DATE AND TIME OF LATEST TRANSACTION
control field 20260410161611.0
008 - FIXED-LENGTH DATA ELEMENTS--GENERAL INFORMATION
fixed length control field 260409a
100 1# - MAIN ENTRY--PERSONAL NAME
Personal name Suardi, Diana
245 10 - TITLE STATEMENT
Title Estado de evolución del patrimonio neto ajustado por inflación, en el marco de la RT 54 (t.o. RT 59)
773 0# - HOST ITEM ENTRY
Title Profesional & Empresaria
Related parts - Año XXVI, Nº 299 (sep./oct. 2024)
Record control number REV70

No hay ítems disponibles.